01029nac a22002651u 4500010001600000020002800016082001800044090001500062100003400077245007200111246005600183246006300239260004000302300003400342500002600376504005100402511002600453650005000479650003000529650004000559650002300599942002000622999001500642952010600657 a 96026600 a0890066523 (alk. paper)00a621.3693bUED c7489d7489 aUeda, Osamu. 10aReliability and degradation of III-V optical devices /cOsamu Ueda.3 aReliability and degradation of 3-5 optical devices3 aReliability and degradation of three-five optical devices aBoston :bArtech House,1996cc1996. axii, 353 p. :bill. ;c24 cm. adistributer: Al-Ahram aIncludes bibliographical references and index. acatalogued by: wessam 0aGallium arsenide semiconductorsxReliability. 0aSemiconductorsxFailures. 0aLight emitting diodesxReliability. 0aCrystalsxDefects. cBBk621.3693UED c7489d7489 00104070aMAINbMAINc1STd2008-01-24ePurchasel0o621.3693UEDp000008919r2025-07-15 00:00:00yBB